| 000 | 00393cam a2200169ua 4500 | ||
|---|---|---|---|
| 020 | _c1.25 | ||
| 041 |
_amal _h |
||
| 082 |
_a551.46 _bMEN/KA |
||
| 100 | _aMenon, K K P . | ||
| 245 |
_aKadalum manushyanum / _cK K P Menon. _hTextual Documents |
||
| 260 |
_a : _bM Parukkutty Amma , _c1966. |
||
| 300 | _a90 ; . | ||
| 365 | _a1.25 | ||
| 504 | _a | ||
| 942 | _cBK | ||
| 999 |
_c4712 _d4712 |
||